Welcome to the Holygrace Academy Library

Please use search bar below to get started

SARASWATI PRACTICAL PHYSICS (Record no. 529)

MARC details
000 -LEADER
fixed length control field 00307nam a22001337a 4500
020 ## - INTERNATIONAL STANDARD BOOK NUMBER
ISBN 81-7335-163-5
082 ## - DEWEY DECIMAL CLASSIFICATION NUMBER
Classification number 530
Item number GUP/P
100 ## - MAIN ENTRY--AUTHOR NAME
Personal name R.K.GUPTA
245 ## - TITLE STATEMENT
Title SARASWATI PRACTICAL PHYSICS
260 ## - PUBLICATION, DISTRIBUTION, ETC. (IMPRINT)
Place of publication DELHI
Name of publisher SARASWATI PUBLICATIONS
300 ## - PHYSICAL DESCRIPTION
Number of Pages 124
650 ## - SUBJECT ADDED ENTRY--TOPICAL TERM
Topical Term PHYSICS FOR CLASS XI
Geographic subdivision INDIA
942 ## - ADDED ENTRY ELEMENTS (KOHA)
Koha item type Books
Holdings
Withdrawn status Lost status Collection code Home library Current library Shelving location Date acquired Source of acquisition Cost, normal purchase price Full call number Accession Number Koha item type
    Reference Main Library Main Library   05/06/2017 purchase 92.00 530 GUP/P 04617 Books